Quizzes
Events
Quiz Creation
Community
Videos
Private Events
Remove Ads
Sign In
Join for FREE
Feedback
Dark Mode
Quiz Categories
Sports
Geography
Music
Movies
Television
Just For Fun
Miscellaneous
History
Literature
Language
Science
Gaming
Entertainment
Religion
Holiday
For Kids
Quiz Lab
Recent
Popular Today
Quiz Kudos Today
Editor Picks
Curator Picks
Quizzes by...
Day
Popularity
Type
Ratings
Length
Year
Community
Subscriptions
Recent Discussions
Orange Saloon
Badges
Playlists
Quests
Create
Leaderboards
Showdown
Live 5
Trivia Bingo
Activity
Puzzle Library
Sporcle Events
Private Events
Virtual Trivia
Globe League
Become a Host
Pub Owners
SporcleCon
Opinionation
Our Games
Videos
Blog
Mobile Apps
Partnerships
Remove Ads and Go Orange
Feedback
Television
TV Characters
TV Show
Sitcom
Network
Friends
Reality Shows
Cast
South Park
Star Trek
The Simpsons
Doctor Who
Television
TV Characters
TV Show
Sitcom
Network
Friends
Reality Shows
Cast
South Park
Star Trek
The Simpsons
Doctor Who
Random Quiz
Search Sporcle
×
Quiz Lab
Quiz Lab
Television
HIMYM
Type in answers that appear in a list
Type in answers that appear in a list
Classic
Best Score? Go Orange.
HIMYM's slaltered words Stats
Can you name the slaltered words from HIMYM?
By
pearsonandrew
4m
16 Questions
71 Plays
71 Plays
71 Plays
Comments
Comments
Give Quiz Kudos
Give Quiz Kudos
-
- Ratings
hide this ad
More Info
Replay
Link that replays current quiz
Next Quiz
Link to next quiz in quiz playlist
You Got
0%
They Got
Avg Score
13%
Avg Friend Score
Upgrade to see
Score Distribution
Jump to the score distribution portion of the page
Score
0/16
Timer
04:00
0
Plays Today
Episode
Slords
% Correct
Slapsgiving
Slapsgiving
85.9%
Slap Bet
Slap bet
38%
Slap Bet
Slapbet Commissioner
15.5%
Slap Bet
Premature Slapulation
9.9%
Wait for it...
Slapcountdown
9.9%
Slapsgiving
Slappetisers
8.5%
Slapsgiving 2: The Revenge of the Slap
Slapprentice
7%
Slapsgiving 2: The Revenge of the Slap
Poison Slapple
7%
Episode
Slords
% Correct
Slap Bet
Slap O' Clock
5.6%
Slapsgiving
Slappetite
5.6%
Slapsgiving 2: The Revenge of the Slap
Slapping Throne
5.6%
Slapsgiving 2: The Revenge of the Slap
Slapsolutely
4.2%
Disaster Averted
Slapportunity
4.2%
Slapsgiving 2: The Revenge of the Slap
Eric Slapton
2.8%
Slapsgiving
Time-Slap Continuum
1.4%
Slapsgiving 2: The Revenge of the Slap
Slape Diem
1.4%
Quiz Playlist
Details
Report
Send in Message
Add To Playlist
More Info:
Answers are the words or phrases which have been slaltered by the addition of all or part of the word 'slap'.
Classic:
Type in answers that appear in a list
Last Updated: Feb 16, 2017
Quiz Scoreboard
CHALLENGE
Sign Up to Join the Scoreboard
Show All
Scores
Hide
Comments
May contain spoilers
Recently Published
An Introduction to Baseball
by treessimontrees
Sports
5m
Movies - When Are They Set?
by FPL_Elf
Movies
5m
Popular People in 1961
by mucciniale
History
6m
More to Explore
Quiz From the Vault
Featured Blog Post
Where Did the Easter Bunny Come From?
hide this ad
You Might Also Like...
Tags
episode
HIMYM
lord
Today's Top Quizzes in Television
Browse Television
hide this ad
Today's Top Quizzes in HIMYM
Browse HIMYM
Top Contributed Quizzes in Television
1
One Piece Logic Puzzle
2
Survivor Logic Puzzle: Heroes vs. Villains
3
5-to-1: The Simpsons Families
4
Survivor Seasons
5
Survivor Season by Logo
6
5-to-1: Television Doctors
7
7-to-1: TV Show Settings
8
One Thing in Common: Television
9
Survivor Trivia
10
5-to-1: Streaming Originals
Explore More
Trending Topics
Marvel
Harry Potter
Anime
NBA
Disney
Kpop
Crossword
Country
Pokémon
The Office
NFL
Soccer
Puzzle
Song
WWE
hide this ad
More By:
pearsonandrew
Quiz
Plays
Rating
Category
Featured
Created
Bones Top to Toe
81
Science
Feb 19, 2011
HIMYM's slaltered words
71
Television
Jun 20, 2012
Go to Creator's Profile
Score Distribution
Quiz Creator Spotlight
pearsonandrew
Follow
Send a Message
Quizzes Created
-
Created Quiz Play Count
-
More By This Creator
Popular Quizzes Today
1
Find the Countries of Europe - No Outlines Minefield
2
Find the US States - No Outlines Minefield
3
The Countries of the World
4
Popular People in 1961
5
Find the US States
6
US States
7
1-10 Letter E Words III
8
Risky Map Clicking: Biggest States A-Z
More Television Quizzes
Crossword: TV Shows by Characters
Quiz Lab
Trending Quizzes
Risky Map Clicking: Least Populous States A-Z
1-10 Letter F Words
1-10 Letter G Words
Not Quite an Element Typing Challenge
One Thing in Common: United Kingdom
Recently Updated
Leaping Animals
pecheneg
Reality TV Shows (A-Z)
bhenderson79
Rickey Henderson's Hall of Fame Teammates
pecheneg
Champions League XIs: Arsenal
pecheneg
Quick Pick: Celebrities in WWE's Hall of Fame
aduchscher
A-Z Keypad Blitz II
pecheneg
Multiple Oscar Actors
pecheneg
Mystery Phrase Blitz: Oscar 'Best Actors'
pecheneg
F. Scott Fitzgerald Novels
LTH
Pick 3 Villains
ddd62291
Trending Topics
NBA
Kpop
Crossword
Harry Potter
Marvel
Anime
Disney
NFL
Country
Pokémon
The Office
Puzzle
WWE
Song
Soccer
Your Account Isn't Verified!
In order to create a playlist on Sporcle, you need to verify the email address you used during registration. Go to your
Sporcle Settings
to finish the process.
Report this User
Report this user for behavior that violates our
Community Guidelines
.
Details:
Send Report
Go to the Sporcle.com Mobile Site →
Comments